Estadística básica para las Ciencias Sociales /

Zapisane w:
Opis bibliograficzny
1. autor: Weinberg, S.L
Kolejni autorzy: Goldberg, K.P
Format: Texto
Wydane: México D.F.: Interamericana
Etykiety: Dodaj etykietę
Nie ma etykietki, Dołącz pierwszą etykiete!

MARC

LEADER 00000 a a2200000 04500
001 25015
003
040
020 |a 968-25-0755-3  
090 |a 178000  
100 |a Weinberg, S.L.  
245 |a Estadística básica para las Ciencias Sociales /  |c S.L. Weinberg 
260 |a México D.F.:   |b Interamericana  
300 |a 524 p   |b **no definido**   |b fonodiscos  
700 |a Goldberg, K.P.  
999 |c 5475  |d 5475